Daně z příjmů 2016 přehledy, daňové a účetní tabulky

Saved in:
Bibliographic Details
Main Author Dušek, Jiří
Format Electronic eBook
LanguageCzech
Published Grada 2016
Edition1. elektronické vydání
Subjects
Online AccessDostupné v BOOKPORT po přihlášení pomocí eduID
ISBN978-80-271-9036-2
978-80-271-0036-1
Physical Description1 online zdroj (208 stran)

Cover

LEADER 00000nam a2200000 i 4500
001 bkp9120
003 CZ-prgp
005 20170103190445.0
006 m o d
007 cr cn
008 170103s2016 xr o 000 0 cze
020 |a 978-80-271-9036-2  |c 253 Kč  |q (online ; pdf) 
020 |a 978-80-271-0036-1  |c 304 Kč  |q (print) 
040 |a Grada  |b cze  |e rda 
100 1 |a Dušek, Jiří 
245 1 0 |a Daně z příjmů 2016  |b přehledy, daňové a účetní tabulky  |c Jiří Dušek 
250 |a 1. elektronické vydání 
264 1 |b Grada  |c 2016 
300 |a 1 online zdroj (208 stran) 
336 |a text  |b txt  |2 rdacontent 
337 |a počítač  |b c  |2 rdamedia 
338 |a online zdroj  |b cr  |2 rdacarrier 
520 3 |a Publikace pomůže všem, kteří dávají přednost názornému vyjádření, rychlé orientaci a rychlému přístupu k aktuálním informacím. Vysvětleny jsou nejpoužívanější paragrafy zákona o daních z příjmů k 1. 1. 2016. Výstižnými schématy a praktickými daňovými a účetními tabulkami se autor dotýká i dalších souvisejících oblastí nezbytných pro podnikání. 
650 0 4 |a Daně 
856 4 0 |u https://www.bookport.cz/AccountSaml/SignIn/?idp=https://shibboleth.utb.cz/idp/shibboleth&returnUrl=/kniha/dane-z-prijmu-2016-2550/  |y Dostupné v BOOKPORT po přihlášení pomocí eduID